| 000 | 00530nam a22001697a 4500 | ||
|---|---|---|---|
| 010 | _aENG-141486 | ||
| 020 |
_a9788190515641 _c1295.00 |
||
| 035 | _aEN-125018 | ||
| 037 | _bDBAD | ||
| 082 |
_2FIRST _a915 |
||
| 100 |
_aPurty, Chandra Vijay _970655 |
||
| 245 |
_aGeography of Asia/ _cby Chandra Vijay Purty _b |
||
| 260 |
_aShahdhara _bShekhar Publication _c2022 |
||
| 270 |
_a6/40, Mohalla Maharam, Gali Aryasamj, Shahdhara _bDelhi _e110032 |
||
| 300 |
_a328p _c22 cm(Hb) |
||
| 942 |
_2ddc _cEN _eFirst _h915 _mPUR |
||
| 999 |
_c205345 _d205345 |
||